000 00698cam a22002533a 4500
001 11372
003 PGUSA
005 20140828083236.0
008 040201s2004||||xxu|||||s|||||000 1 eng d
040 _aPGUSA
_beng
042 _adc
050 4 _aPS
100 1 _aOppenheim, James,
_d1882-1932
245 1 4 _aThe Nine-Tenths
_h[electronic resource] /
_cJames Oppenheim
260 _bProject Gutenberg,
_c2004
506 _aPublic domain in the USA.
516 _aElectronic text
653 _aSocial problems -- Fiction
653 _aDidactic fiction
653 _aPolitical fiction
830 0 _aProject Gutenberg
_v11372
856 4 0 _uhttp://www.gutenberg.org/ebooks/11372
942 _cEB
999 _c240627
_d240627